Catálogo
 En Linea

Memoria. (Registro nro. 34032)

Detalles MARC
000 -CABECERA
campo de control de longitud fija 00540nam a2200169 a 4500
001 - NÚMERO DE CONTROL
campo de control 000034541
005 - FECHA Y HORA DE LA ÚLTIMA TRANSACCIÓN
campo de control 20200930073745.0
008 - DATOS DE LONGITUD FIJA--INFORMACIÓN GENERAL
campo de control de longitud fija 111006s1940 cu 000 0 spa d
040 ## - FUENTE DE LA CATALOGACIÓN
Centro catalogador/agencia de origen DO-SdBNP
Lengua de catalogación spa
Centro/agencia transcriptor BNPHU
082 ## - NÚMERO DE LA CLASIFICACIÓN DECIMAL DEWEY
Número de clasificación xxxx
Número de documento/Ítem R444
049 ## - FONDOS LOCALES (OCLC)
Fondos de biblioteca BNPD
111 2# - ENTRADA PRINCIPAL--NOMBRE DE CONGRESO/REUNIÓN
Nombre de congreso/reunión o jurisdicción como elemento de entrada Reunión Interamericana del Caribe
Número del congreso/reunión o número de parte o sección (2da :
Fecha del congreso/reunión 1940, mayo 31-jun 6
Sede del congreso/Lugar de la reunión Ciudad Trujillo)
9 (RLIN) 59976
245 10 - MENCIÓN DE TÍTULO
Título Memoria.
260 ## - PUBLICACIÓN, DISTRIBUCIÓN, ETC.
Lugar de publicación, distribución, etc. La Habana :
Nombre del editor, distribuidor, etc. Secretaría General,
Fecha de publicación, distribución, etc. [1940].
300 ## - DESCRIPCIÓN FÍSICA
Extensión 204 p. ;
Dimensiones 23 cm.
500 ## - NOTA GENERAL
Nota general A la cabaza de título : Unión Interamericana del Caribe
Existencias
Estado de retiro Estado de pérdida Restricciones de uso No para préstamo Código de colección Localización permanente Ubicación/localización actual Ubicación en estantería Fecha de adquisición Número de inventario Total de préstamos Signatura topográfica completa Código de barras Fecha visto por última vez Precio válido a partir de Tipo de ítem Koha
      Excluido de préstamo Monografías: Libros y Folletos General General En catalogación 06.10.2011 LF1   xxxx R444 34541-10 25.06.2020 25.06.2020 No se presta

Con tecnología Koha